Score 0/30 Timer 07:00
6 Plays Today
% Correct
Easycolon
95%
Easypolo
93%
Easycrossword
92.9%
Easyhopscotch
90.6%
EasyWoodstock
87.9%
Easycotton
87.6%
Easycrown of thorns
83%
Easyboron
80.7%
EasyMolotov
79.8%
EasyHong Kong
77.4%
MediumDoctor Who
71.6%
Mediumchloroform
71.6%
MediumCoors
70.4%
MediumStockholm
69.6%
MediumTonto
69.2%
% Correct
MediumFort Knox
69%
MediumLonghorns
68.7%
MediumVolvo
58.6%
Mediumphoton
56%
MediumOld School
52.5%
HardBjörn Borg
46.4%
HardPorthos
46%
HardOddjob
43.3%
HardDon Johnson
41.4%
HardGorgon
38.4%
HardFoxTrot
29.7%
HardLoch Lomond
29.1%
HardLords of Dogtown
24.5%
HardSong of Solomon
20.7%
HardPorto-Novo
16%
Remove Ads.
Support Sporcle.
Get the best of Sporcle when you Go Orange. This ad-free experience offers more features, more stats, and more fun while also helping to support Sporcle. Thank you for becoming a member.

You're not logged in!

Compare scores with friends on all Sporcle quizzes.
OR
Log In

Show Comments

Extras

Top Quizzes Today


Score Distribution

Your Account Isn't Verified!

In order to create a playlist on Sporcle, you need to verify the email address you used during registration. Go to your Sporcle Settings to finish the process.

Report this User

Report this user for behavior that violates our Community Guidelines.

Details: